| 000 | 01872nam0a2200385 4500 | ||
|---|---|---|---|
| 001 | RU\NLR\BIBL_A\011290380 | ||
| 005 | 20260409080650.0 | ||
| 035 | _a(NLR Aleph) 011290380 | ||
| 090 |
_a10917347 _c10917347 |
||
| 100 | _a20161208d2016 |||y0rusy50 ca | ||
| 101 | 0 | _arus | |
| 102 | _aRU | ||
| 105 | _aab z 000zy | ||
| 106 | _as | ||
| 135 | _acrmn mmmancba | ||
| 200 | 1 |
_a"Слово о полку Игореве" и харьковщина: поиски, вопросы, версии _bЭлектронный ресурс _e830 лет спустя _fДоренский Н. Ю. |
|
| 210 |
_aХарьков _cПолосатая типография _d2016 |
||
| 215 |
_a47 с. _cил., цв. ил., карт. |
||
| 230 | _aЭлектрон. дан. | ||
| 300 | _aЗагл. с титул. экрана | ||
| 320 | _aБиблиогр.: с. 37-39 (39 назв.) и в тексте | ||
| 325 | 1 | _aЭлектронный экз. передан по договору №32(73)-2016 | |
| 337 | _aРесурс доступен в Электронной библиотеке РНБ | ||
| 500 |
_8rus _aСлово о полку Игореве _7ca _3RU\NLR\AUTH\559005 _92631093 |
||
| 605 |
_a"Слово о полку Игореве" _lпамятник древнерусской литературы _91044556 _3RU\NLR\AUTH\66402818 |
||
| 686 | 1 | _aШ5(2=Р)3-331.11"Слово..." | |
| 700 | 1 |
_aДоренский _bН. Ю. |
|
| 852 | 0 | 0 |
_aNLR _jЭБ |
| 901 | _eКнижные издания | ||
| 942 | _cBOOK | ||
| 980 | _aNB | ||
| 981 | 1 | 3 |
_a(13) Документы, защищенные авторским правом _b(13) Современная научная, научно-популярная и популярная л |